| 000 | 00915cpcaa2200265 a 4500 | ||
|---|---|---|---|
| 001 | mm 80075990 | ||
| 003 | DLC | ||
| 005 | 20260227111705.0 | ||
| 008 | 800918|||||||||||| a eng | ||
| 010 | _amm 80075990 | ||
| 040 |
_aDLC _cDLC _dDLC _edacs _dDLC |
||
| 072 | 7 |
_aC _2lcmd |
|
| 100 | 1 |
_aWashington, George, _d1732-1799. |
|
| 245 | 0 | 0 |
_aGeorge Washington diary, _f1762. |
| 300 |
_a1 _fmicrofilm reel. |
||
| 506 | 1 | _aRestrictions apply. | |
| 533 |
_aMicrofilm of originals in private hands. _b[S.l.]. |
||
| 535 | 1 | _aPrivate | |
| 545 | 0 | _aU.S. President, U.S. Army officer, and patriot. | |
| 546 | _aCollection material in English. | ||
| 600 | 1 | 0 |
_aWashington, George, _d1732-1799 _vDiaries. |
| 656 | 7 |
_aArmy officers. _2itoamc |
|
| 656 | 7 |
_aPresidents _zUnited States. _2itoamc |
|
| 999 |
_c42943 _d42943 |
||